000 00177nam a22000857a 4500
082 _a823
100 _aJENNIFER MULHERIN
245 _aS'PEARE FOR EVERYONE - RICHARD III
942 _cBK
999 _c8523
_d8523